Forgetfulness : it's not always what you think.

Bibliographic Details
Corporate Author: National Institute on Aging
Format: Government Document Book
Language:English
Published: [Gaithersburg, Md.] : National Institute on Aging, U.S. Dept. of Health and Human Services, Public Health Service, National Institutes of Health, [2008]
Series:Age page
Subjects:
Online Access:https://purl.fdlp.gov/GPO/LPS111027

MARC

Tag First Indicator Second Indicator Subfields
LEADER 00000cam a2200000Ia 4500
001 in00002454613
005 20211202191254.0
006 m d f
008 090407s2008 mdu s f000 0 eng d
035 |a (OCoLC)ocn317955247 
040 |a GPO  |c GPO  |d GPO  |d MvI  |d UtOrBLW 
049 |a WWW 
074 |a 0447-A-12 (online) 
086 0 |a HE 20.3861:F 76/2008 
245 0 0 |a Forgetfulness :  |b it's not always what you think. 
264 1 |a [Gaithersburg, Md.] :  |b National Institute on Aging, U.S. Dept. of Health and Human Services, Public Health Service, National Institutes of Health,  |c [2008] 
300 |a 12 pages :  |b digital, PDF file. 
336 |a text  |b txt  |2 rdacontent 
337 |a computer  |b c  |2 rdamedia 
338 |a unspecified  |b zu  |2 rdacarrier 
490 0 |a Age page 
500 |a Title from title screen (viewed Apr. 6, 2009). 
500 |a No longer available via Internet as of June, 2010. 
500 |a "October 2008"--P. 12. 
500 |a Electronic resource. 
650 0 |a Memory  |x Age factors. 
650 0 |a Alzheimer's disease  |x Diagnosis. 
650 0 |a Dementia  |x Diagnosis. 
710 2 |a National Institute on Aging. 
856 4 0 |u https://purl.fdlp.gov/GPO/LPS111027  |t 0 
999 |a MARS 
999 f f |s 3a6a3091-283f-3d40-b87e-4fd0783184ab  |i c6c9a823-9e01-38ad-99b6-6e654ff2cb57  |t 0 
952 f f |a Texas A&M University  |b College Station  |c Electronic Resources  |d Available Online  |t 0  |e HE 20.3861:F 76/2008  |h Superintendent of Documents classification 
998 f f |a HE 20.3861:F 76/2008  |t 0  |l Available Online